000 00958nam a2200193Ii 4500
003 JO-AjNU
008 230605s9999||||xx |||||||||||||| ||und||
040 _aJO-AjNU
_bara
_erda
_cJO-AjNU
041 _aara
050 1 4 _aBP173.6.U4224
100 3 _aجمع وتخريج الجبوري، عبد اللطيف اسماعيل عيسى,
_eauthor
_937480
245 0 0 _aرسائل الفاروق عمر بن الخطاب رضي الله عنه الى كافة الأمصار الإسلامية الشام- العراق-الاردن-فلسطين-اليمن-ايران
264 3 1 _aالعراق: الشركة العراقية للطباعة الفنية المحدودة، د.ت
300 _a240ص
336 _atext
_btxt
_2rdacontent
337 _aunmediated
_bn
_2rdamedia
338 _avolume
_bnc
_2rdacarrier
650 4 _aالاسلام والدولة- التاريخ الاسلامي- عصر صدر الاسلام- الخلفاء الراشدون
_937481
999 _aA15664
_c19232
_d19232